00344 2200133 4500001002100000005001500021008004100036035001900077082000800096090001400104100001500118245004600133260003100179INLIS00000000000751820241224113503241224||||||||| | ||| |||| ||  0010-12240075180 a813 a813 SET r0 aA.SETIAWAN00aRamah dan Sopan Lambang Kebahagiaan Hidup aBogorbSurba Indah Mandiri